• 首页
  • 本馆介绍
  • 公告通知
  • 最新文献
  • 馆藏检索
  • 电子资源
  • 读者导购
  • 参考咨询
  • 我的图书馆
  • 登录
  • 详细信息显示
  • 放入我的书架
  • 预约/预借图书
  • 作者相关作品
  • 分类相关作品
  • 丛书相关作品
  • 出版社相关作品

书目信息

  • 表格格式
  • 工作单格式
  • 卡片格式
题名:
张爱玲作品集
    
 
作者: [张爱玲著] ;许枫 编
分册:  
出版信息: 昆明   云南人民出版社  1999.10
页数: 505页
开本: 23cm
丛书名: 著名作家精品文丛
单 册:
中图分类: I247.5 , I-5
科图分类:
主题词: 小说--中国 , 文学
电子资源:
ISBN: 7-222-02558-8
000 00660nam0 2200241 45
001 1539813348
005 20170926170347.31
010    @a7-222-02558-8@dCNY24.00
100    @a20001116d1999 km y0chiy0120 ea
101 0  @achi
200 1  @a张爱玲作品集@AZhang Ai Ling Zuo Pin Ji@f[张爱玲著]@F[Zhang Ai Ling Zhu]@g许枫编
210    @a昆明@c云南人民出版社@d1999.10
215    @a505页@d23cm
225    @a著名作家精品文丛
410    @12001 @a著名作家精品文丛
606 0  @a小说@y中国
606 0  @a文学
690    @aI247.5@v1
690    @aI-5@v4
701  0 @a[张爱玲著]
702  0 @a许枫@AXu Feng@4编
801    @aCN@bTSSF@c20150126
905    @aZUCC@dI-5@eJY16
    
    张爱玲作品集/[张爱玲著]/许枫编.-昆明:云南人民出版社,1999.10
    505页;23cm.-(著名作家精品文丛)
    
    
    ISBN 7-222-02558-8:CNY24.00
    
●
相关链接 在E读中查询图书 在五车中查询图书 在当当中查询图书 在豆瓣中查询图书


正题名:张爱玲作品集     索取号:I-5/JY16         预约/预借

序号 登录号 条形码 馆藏地/架位号 状态 备注
1 7838765   278387657   学院路分馆/ [索取号:I-5/JY16] 在馆    
唐山师范学院图书馆 欢迎您!
大连网信软件有限公司© 版权所有